| 000 | 00492nam a22001937a 4500 | ||
|---|---|---|---|
| 003 | koha_MIRAKIL | ||
| 005 | 20231213095957.0 | ||
| 008 | 231213b |||||||| |||| 00| 0 ||| d | ||
| 020 | _b978-9-75570760-0 | ||
| 040 |
_aTR-IsEVY _btur _cTR-IsEVY |
||
| 082 | _a828.354 LEE/T | ||
| 100 | _aLee, Harper, 1926 - | ||
| 245 | 0 | _aTespih ağacının gölgesinde | |
| 260 |
_bSel, _c2015 |
||
| 300 | _a239 s. | ||
| 650 | _aAlabama -- Fiction. | ||
| 650 | _aAlabama -- Roman. | ||
| 942 |
_2ddc _cBK |
||
| 999 |
_c12497 _d12497 |
||